000 00770nam a22002657a 4500
003 dpl
005 20180827120617.0
008 180827b xxu||||| |||| 00| 0 eng d
010 _aA-999465
020 _a8120315898
_c150.00
035 _aA-999465
037 _bBPPD/PUB
040 _c0
082 1 4 _a005.43
100 1 _aParker, Elisabeth
245 1 0 _aMicrosoft front page 2000 /
_cby Elisabeth Parker
260 _aNew Delhi
_bPrentice-Hall of India
_c1999
270 _aM-97, Connaught Circus
_bNew Delhi
_cDelhi
_e110001
300 _axix, 376p.
_c24 cm. (Hb)
490 1 _aStep by step
500 _aIncludes index.
650 0 _aDatabase management.
650 0 _aAccess 2007
942 _adpl
_cEN
_k005.43 / PAR
_2ddc
_h005.43
_mPAR
999 _c156380
_d156380